Thâm Tâm và TTKH

Một số bài viết giới thiệu về cuộc đời và sự nghiệp văn học của Thâm Tâm. Tư liệu văn học. Xoay quanh tác giả T.T.Kh và ảnh hưởng của tác giả đối với nền văn học Việt Nam

Shranjeno v:
Bibliografske podrobnosti
Glavni avtor: Thâm Tâm (tác giả)
Drugi avtorji: Hoài Anh (tác giả), Phương Thảo (tác giả), TTKh (tác giả), Trúc Kỳ (tác giả), Vũ Cao (tác giả)
Format: Knjiga
Jezik:Vietnamese
Izdano: H. Nxb. Văn học 1997
Teme:
Oznake: Označite
Brez oznak, prvi označite!
Thư viện lưu trữ: Mạng thư viện Đại học Đà Nẵng
LEADER 01449nam a2200385 4500
001 000014793
003 11163
005 20120515080517.0
008 120515s1997 viesd
041 0 |a vie 
082 |a 895.9221  |b TH-T 
100 0 |a Thâm Tâm 
245 0 |a Thâm Tâm và TTKH  |c Thâm Tâm; TTKh; Hoài Việt sưu tầm, biên soạn 
260 |a H.  |b Nxb. Văn học  |c 1997 
300 |a 258tr.  |b ảnh  |c 19 cm 
520 |a Một số bài viết giới thiệu về cuộc đời và sự nghiệp văn học của Thâm Tâm. Tư liệu văn học. Xoay quanh tác giả T.T.Kh và ảnh hưởng của tác giả đối với nền văn học Việt Nam 
653 |a Nghiên cứu văn học 
653 |a Thâm Tâm 
653 |a Thơ 
700 |a Hoài Anh  |e tác giả 
700 |a Phương Thảo  |e tác giả 
700 |a TTKh  |e tác giả 
700 |a Thâm Tâm  |e tác giả 
700 |a Trúc Kỳ  |e tác giả 
700 |a Vũ Cao  |e tác giả 
OWN |a LSP 
AVA |a UDN50  |b LSP  |d 895.9221 TH-T  |e available  |t Error 5001 Not defined in file expand_doc_bib_avail.  |f 1  |g 0  |h N  |i 0  |k 1 
999 |a From the UDN01 
AVA |a UDN50  |b LSP  |d 895.9221 TH-T  |e available  |t Error 5001 Not defined in file expand_doc_bib_avail.  |f 1  |g 0  |h N  |i 0  |k 1 
TYP |a Monograph 
TYP |a Printed language 
980 |a Mạng thư viện Đại học Đà Nẵng